[Event "SVK-ch U08"]
[Site "Tatralandia"]
[Date "2024.04.08"]
[Round "5"]
[White "Sebej, Martin"]
[Black "Hadidom, Peter"]
[Result "0-1"]
[WhiteElo "1000"]
[BlackElo "1000"]
[PlyCount "80"]
[EventDate "2024.04.05"]
[EventType "swiss"]
[EventRounds "9"]
[EventCountry "SVK"]
[SourceTitle "CB16_2024"]
[SourceDate "2024.04.17"]
[SourceVersion "1"]
[SourceVersionDate "2024.04.17"]
[SourceQuality "1"]

1. d4 g6 2. e4 Bg7 3. Bg5 d6 4. Nc3 Qd7 5. Bb5 c6 6. Bd3 Bxd4 7. Nce2 Qg4 8. Nf3 Bg7 9. h3 Qxg2 10. Rg1 Qxh3 11. Rg3 Qd7 12. Qd2 Bxb2 13. Rb1 Bg7 14. Qf4 Qe6 15. Rb4 b5 16. Nfd4 Be5 17. Nxe6 Bxf4 18. Bxf4 Bxe6 19. e5 Na6 20. Rb1 dxe5 21. Bxe5 f6 22. Bd4 Bxa2 23. Ra1 Nb4 24. Bc5 Nxd3+ 25. cxd3 Be6 26. Bxa7 Nh6 27. Nd4 Bf5 28. Nxf5 Nxf5 29. Rf3 Nd4 30. Re3 Nc2+ 31. Kd2 Nxa1 32. Bd4 Ra2+ 33. Kc3 Nc2 34. Kb3 Nxe3 35. Kxa2 Nc2 36. Bc5 h5 37. Kb2 Ne1 38. Kc3 h4 39. f4 h3 40. Bg1 Nf3 0-1

[Event "SVK-ch U08"]
[Site "Tatralandia"]
[Date "2024.04.06"]
[Round "2"]
[White "Sebej, Martin"]
[Black "Hutta, Richard"]
[Result "1-0"]
[WhiteElo "1000"]
[BlackElo "1000"]
[PlyCount "57"]
[EventDate "2024.04.05"]
[EventType "swiss"]
[EventRounds "9"]
[EventCountry "SVK"]
[SourceTitle "CB16_2024"]
[SourceDate "2024.04.17"]
[SourceVersion "1"]
[SourceVersionDate "2024.04.17"]
[SourceQuality "1"]

1. e4 e5 2. Nf3 Nc6 3. c4 Bc5 4. Nxe5 Nxe5 5. d4 Bxd4 6. Qxd4 d6 7. c5 Nf6 8. Bg5 h6 9. Bd2 Be6 10. Bb5+ c6 11. Ba4 0-0 12. 0-0 Rc8 13. cxd6 b5 14. Bb3 Bxb3 15. axb3 c5 16. Qxe5 Re8 17. Qf4 Rxe4 18. Qf5 g6 19. Qh3 Rc6 20. Qxh6 Rxd6 21. h3 Rxd2 22. Nxd2 Qxd2 23. Rxa7 Ng4 24. Qxd2 Rd4 25. Qg5 b4 26. hxg4 c4 27. Qh6 cxb3 28. Ra8+ Rd8 29. Rxd8# 1-0